|
|
|
|
| LEADER |
00000cam a2200000 a 4500 |
| 001 |
vtls008384839 |
| 003 |
SK-MaSNL |
| 005 |
20260301165033.0 |
| 008 |
230403s1955 xo c p 000 0 slo |
| 015 |
|
|
|a SNBA19451955-007312
|
| 020 |
|
|
|q (brožované)
|
| 035 |
|
|
|a SK01SNKBKSFS20010077056
|
| 035 |
|
|
|a urn:nbn:sk:snk-am3hy6i
|
| 035 |
|
|
|a D12688C5-0D5C-45F7-A508-B3F2EA729751
|
| 035 |
|
|
|a urn:nbn:sk:snk-am00dd6u
|
| 035 |
|
|
|a SKM000079519
|
| 040 |
|
|
|a SNK
|b slo
|c SNK
|e AACR2
|
| 041 |
1 |
|
|a slo
|h cze
|
| 044 |
|
|
|a xo
|c SK
|
| 072 |
|
7 |
|a 51
|x Matematika
|2 konspekt
|
| 080 |
|
|
|a 51(075)
|2 1981
|
| 080 |
|
|
|a 53(075)
|2 1981
|
| 080 |
|
|
|a 54(075)
|2 1981
|
| 080 |
|
|
|a 373(075)
|2 1981
|
| 080 |
|
|
|a 51
|2 2011
|
| 080 |
|
|
|a 53
|2 2011
|
| 080 |
|
|
|a 54
|2 2011
|
| 080 |
|
|
|a (083.4)
|2 2011
|
| 080 |
|
|
|a (075.2)
|2 2011
|
| 130 |
0 |
|
|a Matematické, fysikální a chemické tabulky
|l Slovensky
|9 470196
|
| 245 |
0 |
0 |
|a Matematické, fyzikálne a chemické tabuľky pre 7. a 8. postupný ročník všeobecnovzdelávacích škôl
|c [autori: Eduard Čech ... [et al.] ; preložil Rudolf Schaller]
|
| 250 |
|
|
|a 1. vyd.
|
| 260 |
|
|
|a Bratislava
|b Slovenské pedagogické nakladateľstvo
|c 1955
|
| 300 |
|
|
|a 54 strán
|b tabuľky
|c 24 cm
|
| 366 |
|
|
|e 80000 kusov
|
| 500 |
|
|
|a Preložené z češtiny
|
| 500 |
|
|
|a Obsahuje poznámky pod čiarou a poznámky
|
| 650 |
0 |
7 |
|a matematika
|2 SNKPH
|9 70174
|
| 650 |
0 |
7 |
|a fyzika
|2 SNKPH
|9 816
|
| 650 |
0 |
7 |
|a chémia
|2 SNKPH
|9 749
|
| 655 |
|
7 |
|a tabuľky
|2 SNKPH
|9 70234
|
| 655 |
|
7 |
|a učebnice základných škôl
|2 SNKPH
|9 70187
|
| 700 |
1 |
|
|a Čech, Eduard,
|d 1893-1960
|4 aut
|9 191227
|
| 700 |
1 |
|
|a Schaller, Rudolf,
|d 1926-1986
|4 trl
|9 214425
|
| 852 |
|
|
|a Slovenská národná knižnica
|
| 954 |
|
|
|a odborná, vedecká literatúra cudzojazyčná (svetová)
|2 lita
|
| 958 |
|
|
|a RK
|
| 958 |
|
|
|a TL
|
| 958 |
|
|
|a CZ
|
| 958 |
|
|
|a OP
|
| 958 |
|
|
|a OND
|
| 958 |
|
|
|a EUIPO
|
| 999 |
|
|
|c 822751
|d 824681
|
| 952 |
|
|
|a SNK
|b SNK
|y PREZ
|7 0
|p 17A0772477
|o snkSC 6699
|i snk1361/55
|0 0
|1 0
|4 0
|d 2019-05-23
|f 1
|l 0
|r 2025-07-04 00:00:00
|w 2026-02-24
|